ALEXANDRIA : (Record no. 3179)
[ view plain ]
| 000 -الفاتح | |
|---|---|
| حقل البيانات ثابتة الطول | 00555nam a2200193Ia 4500 |
| 008 - عناصر البيانات ثابتة الطول - معلومات عامة | |
| حقل البيانات ثابتة الطول | 140319s9999 xx 000 0 eng d |
| 020 ## - الرقم الدولى المعيارى للكتب | |
| الرقم الدولى المعيارى للكتاب | 0500301107 |
| 040 ## - مصدر الفهرسة | |
| وكالة الفهرسة الأصلية | GCL / |
| وكالة النسخ | GCL |
| 082 04 - رقم تصنيف ديوى العشرى | |
| رقم التصنيف | CC |
| رقم المادة | 962.11 |
| -- | E A |
| 100 1# - المدخل الرئيسى - إسم شخصى | |
| الإسم الشخصى | EMPEREUR, JEAN - YVES |
| 245 10 - بيان العنوان | |
| العنوان | ALEXANDRIA : |
| بقية العنوان | PAST, PRESENT AND FUTURE / |
| بيان المسئوليه,etc | EMPEREUR, JEAN - YVES |
| 300 ## - الوصف المادى | |
| التعداد | 16 CM ؛ |
| أبعاد الوعاء | 159 P |
| 650 04 - المدخل الاضافى بالموضوع-مصطلح موضوعى | |
| مصطلح موضوعي | ALEXANDRIA (EGYPT) |
| 650 04 - المدخل الاضافى بالموضوع-مصطلح موضوعى | |
| مصطلح موضوعي | ALEXANDRIA (EGYPT) - HISTORY |
| 650 04 - المدخل الاضافى بالموضوع-مصطلح موضوعى | |
| مصطلح موضوعي | ALEXANDRIA LIBRARY |
| 942 ## - عناصر المدخل الإضافي( كوها) | |
| مصدر التصنيف او مخطط الترفيف | Dewey Decimal Classification |
| Koha [default] item type | كتاب |
| 260 ## - PUBLICATION, DISTRIBUTION, ETC. (IMPRINT) | |
| -- | انجلترا : |
| -- | THAMES AND HUDSON |
| حالة التراجع | حالة الفقد | حالة تلف | ليس للاعارة | المكان المؤقت | الموقع الحالى | تاريخ الاكتساب | اجمالي اﻻعارات | رقم الطلب | الباركود | تاريخ اخر مشاهدة | تاريخ تفعيل السعر | نوع وعاء كوها |
|---|---|---|---|---|---|---|---|---|---|---|---|---|
| مكتبة القاهرة الكبرى | مكتبة القاهرة الكبرى | 03/26/2014 | CC\962.11\E A | 6978 | 03/26/2014 | 03/26/2014 | كتاب |

